000 00836nam a22002057a 4500
003 OSt
005 20250919122150.0
008 250919b |||||||| |||| 00| 0 eng d
040 _c0
082 _aDper 658.421 En86 January-May 2017 v. 41 n. 1-3
100 _aDrover, Will.
_eauthor.
_967889
245 _aAttributes of Angel and crowdfunded investments as determinants of VC screening decisions /
_cWill Drover, Matthew S. Wood, and Andrew Zacharakis.
260 _aHoboken ;
_bWiley Blackwell ,
_cMay 2017.
300 _aVolume 41, pages 323-347 :
_billustration :
_c25 cm.
500 _aEntrepreneurship : Theory and Practice, vol. 41, no. 2, pages 323-347, May 2017.
700 _aDrover, Will.
_eauthor.
_967889
710 _aWood, Matthew S.
_eauthor.
_967890
711 _aZacharakis, Andrew.
_jauthor.
_967891
942 _2ddc
_cPER
999 _c23862
_d23862